ბათუმის შოთა რუსთაველის სახელმწიფო უნივერსიტეტის ბიბლიოთეკა

Ethics in Social Science Research: (ბიბ.ჩანაწერი № 62064)

000 -LEADER
fixed length control field 00597nam a22001697a 4500
005 - DATE AND TIME OF LATEST TRANSACTION
control field 20240702121401.0
008 - FIXED-LENGTH DATA ELEMENTS--GENERAL INFORMATION
fixed length control field 240702s2018 enk||||| |||| 00| 0 eng d
020 ## - INTERNATIONAL STANDARD BOOK NUMBER
International Standard Book Number 9781506328614x
041 ## - LANGUAGE CODE
Language code of text/sound track or separate title eng
080 ## - UNIVERSAL DECIMAL CLASSIFICATION NUMBER
Universal Decimal Classification number 174 L-20
100 ## - MAIN ENTRY--PERSONAL NAME
Personal name Lahman, Maria K. E.
9 (RLIN) 22647
245 ## - TITLE STATEMENT
Title Ethics in Social Science Research:
Remainder of title Becoming Culturally Responsive /
Statement of responsibility, etc. Maria K. E. Lahman.
264 ## - PRODUCTION, PUBLICATION, DISTRIBUTION, MANUFACTURE, AND COPYRIGHT NOTICE
Place of production, publication, distribution, manufacture Los Angeles :
Name of producer, publisher, distributor, manufacturer SAGE,
Date of production, publication, distribution, manufacture, or copyright notice 2018.
300 ## - PHYSICAL DESCRIPTION
Extent 290 p.;
Other physical details 23 cm.
653 ## - INDEX TERM--UNCONTROLLED
keyword ეთიკა სოციალურ მეცნიერებათა კვლევაში
942 ## - ADDED ENTRY ELEMENTS (KOHA)
Source of classification or shelving scheme
Koha item type წიგნი
ეგზემპლარები
Withdrawn status Lost status Source of classification or shelving scheme Damaged status Not for loan Permanent Location Current Location Shelving location Date acquired Cost, normal purchase price Full call number Barcode Date last seen Copy number Price effective from Koha item type Public note
          ბათუმის შოთა რუსთაველის სახელმწიფო უნივერსიტეტის მთავარი ბიბლიოთეკა ბათუმის შოთა რუსთაველის სახელმწიფო უნივერსიტეტის მთავარი ბიბლიოთეკა წიგნსაცავი 2024-07-02 191.00 174 L-20 65998 2024-07-02 65998 2024-07-02 წიგნი 191 ლ.